[Event "Bad Woerishofen op"]
[Site "Bad Woerishofen"]
[Date "2001.??.??"]
[Round "8"]
[White "Kekelidse, Mikheil"]
[Black "Simutowe, Amon"]
[Result "0-1"]
[WhiteElo "2512"]
[BlackElo "2462"]
[Annotator "ChessOrg"]
[PlyCount "126"]
[EventDate "1998.03.05"]
[Source "ChessBase"]
[SourceDate "1998.04.29"]

1. d4 {A45: Damenbauernspiele (Trompowski-Angriff)} 1... Nf6 2. Bg5 e6 3. e4 c5
4. d5 {letzter Buchzug} 4... e5 (4... exd5 5. exd5 Qb6 6. Bxf6 Qxf6 7. Nc3 $11)
5. Nc3 $14 5... d6 6. f3 Be7 7. Be3 O-O 8. Qd2 Ne8 9. Bd3 Na6 10. Nge2 Nb4 11.
O-O Nxd3 12. cxd3 f5 13. f4 exf4 14. Nxf4 g5 15. Nfe2 f4 16. Bf2 Nf6 17. d4 Ng4
18. e5 (18. dxc5 $142 18... dxc5 19. Rad1 $11) 18... cxd4 (18... Nxf2 $6 19.
Rxf2 (19. Kxf2 $143 19... cxd4 20. Nxd4 20... dxe5 $19) 19... cxd4 20. exd6 (
20. Qxd4 $143 20... dxe5 21. Qc4 21... Bd6 $17) 20... Bxd6 21. Qxd4 $11) 19.
exd6 dxc3 20. dxe7 cxd2 21. exd8=Q Rxd8 22. Nc3 Ne3 (22... Nxf2 $6 23. Rxf2 Bf5
24. Rd1 $11) 23. Rfd1 Nxd1 (23... Nxd5 $143 24. Rxd2 Be6 25. Rad1 $16) 24. Rxd1
b5 (24... Kf7 25. Rxd2 Bf5 26. Kf1 $17) 25. Rxd2 b4 (25... Bb7 26. d6 $17) 26.
Nb5 (26. Ne4 $5 $15 $142) 26... Bb7 $19 27. d6 Rac8 28. Bxa7 Rc1+ 29. Kf2 Ba6
30. Rd5 30... Bxb5 $4 (30... Rc2+ $142 31. Ke1 31... Rxg2 $19) 31. Rxg5+ $15
31... Kf7 32. Rxb5 Rxd6 33. Rxb4 Rd2+ 34. Kf3 Rf1+ 35. Kg4 Rxg2+ 36. Kf5 Ke8
37. Bd4 (37. h4 $5 $17) 37... Rxh2 38. Bf6 (38. Be5 Rh5+ 39. Ke6 Rh6+ 40. Kd5
Rd1+ 41. Ke4 41... Re6 $17) 38... Kd7 (38... Rh5+ 39. Ke4 f3 40. Rb8+ 40... Kd7
$19) 39. Rxf4 $17 39... Rxf4+ 40. Kxf4 Rg2 41. a4 h5 42. a5 $4 (42. Kf3 Rg6 43.
Bc3 43... h4 $19) 42... Kc6 (42... Rf2+ $142 43. Kg5 43... Rxf6 $19) 43. Bg5 (
43. Kf3 $5 $142 43... Rg8 44. Bh4 $17) 43... Kb5 44. Kf5 (44. Bd8 Rg8 45. Bc7
45... h4 $19) 44... Kxa5 45. Kf4 (45. Be7 Rxb2 46. Kg5 46... Rh2 $19) 45... Ka4
46. Bf6 (46. Be7 46... Kb3 $19) 46... Kb3 (46... Rf2+ $142 47. Kg5 Rxf6 48.
Kxh5 48... Kb3 $19) 47. Kf3 Rg1 48. Bd4 Rg8 49. Bf2 Kxb2 50. Bh4 Kc2 51. Bg3
Kd3 52. Bh4 Kd4 53. Bg3 Rg4 54. Bf2+ Ke5 55. Be1 Kf5 56. Bf2 h4 57. Be1 Kg5 58.
Bd2+ Kf5 (58... Kh5 59. Bf4 h3 60. Bg3 $19) 59. Be1 h3 60. Bg3 Rb4 (60... Rg5
$5 $142 61. Bh2 $19) 61. Bh2 Rg4 (61... Rb3+ $142 62. Kf2 $19) 62. Bg3 Rg6 63.
Bb8 Rg2 (63... Rg2 64. Bf4 64... Rb2 $19) 0-1

[Event "Bad Woerishofen op"]
[Site "?"]
[Date "2001.??.??"]
[Round "1"]
[White "Keller, Manfred"]
[Black "Stiepan, Hans-Michael"]
[Result "0-1"]
[WhiteElo "2229"]
[BlackElo "1839"]
[Annotator "ChessOrg"]
[PlyCount "72"]
[EventDate "2000.??.??"]

1. e4 {C17: Franzoesische Verteidigung (Nimzowitsch-Variante)} 1... e6 2. d4 d5
3. Nc3 Bb4 4. e5 c5 5. Qg4 Ne7 6. dxc5 6... Bxc3+ {letzter Buchzug} 7. bxc3 Qc7
(7... O-O $14) 8. Nf3 (8. Qxg7 Rg8 9. Qxh7 Qxe5+ 10. Ne2 10... Qc7 $18) 8...
Nbc6 $2 (8... O-O $5 $11 $142) 9. Qxg7 $16 9... Rg8 10. Qxh7 Nxe5 11. Qh5 Nxf3+
12. Qxf3 (12. gxf3 $143 12... Qxc5 13. Bb2 13... Bd7 $11) 12... Qxc5 13. Rb1
Bd7 (13... e5 $5 $16) 14. Rxb7 $18 14... Bc6 15. Rb3 d4 16. cxd4 Qxc2 17. Qc3
Qe4+ (17... Qxa2 $5 18. Rg1 18... Rg4 $16) 18. Be3 $18 18... Rc8 19. f3 Qg6 20.
Ba6 (20. Qa5 20... Rh8 $18) 20... Bb7 (20... Bxf3 $5 $142 21. Qd2 Rc2 22. Rb8+
Kd7 23. Bb5+ Bc6 24. Rxg8 24... Nxg8 $16) 21. Bb5+ $18 (21. Bxb7 $2 21... Rxc3
22. Rxc3 Qb1+ 23. Rc1 23... Qxb7 $19) 21... Kf8 22. Qd3 Nf5 23. Rc3 $4 (23. Rb2
$142 23... Nxe3 24. Qa3+ Kg7 25. Qxe3 $18) 23... Rxc3 24. Qxc3 Nxe3 25. Qa3+
Kg7 26. Qxe3 Qb1+ 27. Kf2 Qxb5 (27... Qxh1 $6 28. Qg5+ Kh7 29. Qh5+ Kg7 30.
Qg5+ Kf8 31. Qd8+ Kg7 32. Qg5+ $11) 28. Rc1 (28. Rd1 $5 $17) 28... Qb2+ $19 29.
Kg1 Kh7 (29... Qxa2 $6 30. Qg5+ Kh7 31. Qh5+ Kg7 32. Qg5+ Kf8 33. Qd8+ Kg7 34.
Qg5+ $11) 30. Qd3+ Kh8 31. Rc2 (31. Qc2 Qxc2 32. Rxc2 32... Bxf3 $19) 31...
Qb1+ 32. Kf2 Qh1 33. Qf1 Qxh2 34. Rc5 (34. Ke1 34... Bd5 $19) 34... Bd5 35. Ra5
(35. Rc2 Qg3+ 36. Kg1 36... Bxf3 $19) 35... Qg3+ (35... Qh4+ $5 36. Kg1 $19)
36. Kg1 Bxf3 (36... Bxf3 37. Ra3 Qxg2+ 38. Qxg2 Rxg2+ (38... Bxg2 $6 39. Kf2
$19) 39. Kf1 Bd5 40. Rxa7 Rxa2 41. Rxf7 41... Ra4 $19) 0-1

[Event "Bad Woerishofen op"]
[Site "Bad Woerishofen"]
[Date "2001.??.??"]
[Round "3"]
[White "Keller, Manfred"]
[Black "Schwab, Rolf"]
[Result "1-0"]
[WhiteElo "2229"]
[BlackElo "1800"]
[Annotator "ChessOrg"]
[PlyCount "81"]
[EventDate "1998.03.05"]
[Source "ChessBase"]
[SourceDate "1998.04.29"]

1. e4 {B76: Sizilianisch (Moderne Drachen-Variante)} 1... c5 2. Nf3 d6 3. d4
cxd4 4. Nxd4 Nf6 5. Nc3 g6 6. Be3 Bg7 7. f3 O-O 8. Qd2 d5 9. e5 Ne8 10. f4
10... Nc7 {letzter Buchzug} 11. O-O-O Nc6 12. Be2 f6 13. exf6 Bxf6 14. Bf3 e6 (
14... e5 15. Nxc6 bxc6 16. fxe5 Bxe5 17. h4 $11) 15. g3 Nxd4 (15... e5 16. fxe5
Nxe5 17. Be2 $11) 16. Bxd4 $16 16... Bxd4 17. Qxd4 Qf6 18. Qxf6 Rxf6 19. h4 Kg7
20. Rhe1 b5 21. Bg4 Bb7 22. Ne2 Rd8 23. Nd4 Rd6 24. Rd3 b4 25. c3 a5 (25... h5
$5 26. Bh3 26... Ba6 $16) 26. cxb4 $18 26... axb4 27. Kb1 (27. Rb3 27... Rb6
$18) 27... Ba6 28. Rde3 Kf7 29. Rc1 Rd7 (29... Bc4 $5 $16) 30. Nc6 $18 30...
Ke8 31. Nxb4 Bb5 32. b3 d4 33. Re5 h5 34. Bf3 Rf5 35. Rxf5 gxf5 (35... exf5 36.
a4 Na6 37. Nxa6 (37. axb5 $6 37... Nxb4 38. b6 38... Ke7 $18) 37... Bxa6 38.
Bc6 $18) 36. a4 Nd5 (36... Na6 37. Nxa6 (37. axb5 $6 37... Nxb4 38. Rc8+ 38...
Kf7 $18) 37... Bxa6 38. Bc6 $18 (38. Bxh5+ $6 38... Ke7 $18)) 37. Bxd5 (37.
axb5 $6 37... Nxb4 38. Rc8+ 38... Ke7 $18) (37. Bxh5+ $6 37... Kd8 38. Nxd5
Bd3+ 39. Kb2 39... Rxd5 $18) 37... Rxd5 38. Nxd5 Bd3+ 39. Kb2 exd5 40. Rd1 Be4
41. Rxd4 (41. Rxd4 Kd7 42. Rxe4 dxe4 43. Kc3 $18) 1-0

[Event "Bad Woerishofen op"]
[Site "Bad Woerishofen"]
[Date "2001.??.??"]
[Round "5"]
[White "Keller, Manfred"]
[Black "Trifunovic, Dusan"]
[Result "1/2-1/2"]
[WhiteElo "2229"]
[BlackElo "2063"]
[Annotator "ChessOrg"]
[PlyCount "57"]
[EventDate "1998.03.05"]
[Source "ChessBase"]
[SourceDate "1998.04.29"]

1. e4 {C61: Spanische Partie (Bird-Verteidigung)} 1... e5 2. Nf3 Nc6 3. Bb5 Nd4
4. Nxd4 exd4 5. O-O c6 6. Bc4 Nf6 7. d3 {letzter Buchzug} 7... d5 8. exd5 cxd5
(8... Nxd5 9. Qh5 $11) 9. Bb5+ $14 9... Bd7 10. Bxd7+ Qxd7 11. Re1+ Be7 12. Nd2
O-O 13. Nb3 a5 (13... Rfe8 $5 $14) 14. Nxd4 $16 14... Bc5 15. Nf3 d4 16. Bf4
Nd5 17. Bg3 f6 18. Nd2 a4 19. a3 Rfc8 20. Qf3 b5 21. Ne4 Bf8 22. Nd6 (22. Re2
$5 $16) 22... Rc5 $14 23. Qf5 (23. c3 Bxd6 (23... dxc3 $2 24. d4 Bxd6 25. Bxd6
Qxd6 26. dxc5 Qxc5 27. Rad1 $18) 24. cxd4 Bxg3 25. dxc5 25... Bc7 $16) 23...
Qxf5 $11 24. Nxf5 Rxc2 25. Rab1 (25. Nxd4 $143 25... Rxb2 26. Ne6 26... b4 $17)
25... b4 26. Nxd4 Rd2 27. Nf3 Rxd3 28. axb4 Nxb4 29. h4 1/2-1/2

[Event "Bad Woerishofen op"]
[Site "Bad Woerishofen"]
[Date "2001.??.??"]
[Round "7"]
[White "Keller, Manfred"]
[Black "Polushkina, Svetlana"]
[Result "1-0"]
[WhiteElo "2229"]
[BlackElo "2160"]
[Annotator "ChessOrg"]
[PlyCount "73"]
[EventDate "1998.03.05"]
[Source "ChessBase"]
[SourceDate "1998.04.29"]

1. e4 {D40: Damengambit (Verbesserte Tarrasch-Verteidigung)} 1... c6 2. d4 d5
3. exd5 cxd5 4. c4 Nf6 5. Nc3 e6 6. Nf3 Be7 7. Bd3 dxc4 8. Bxc4 O-O 9. O-O Nc6
10. Re1 b6 11. a3 Bb7 12. Qd3 {letzter Buchzug} 12... Na5 13. Ba2 Bxf3 14. Qxf3
Qxd4 15. Bf4 Rac8 16. Rac1 Qd7 17. Qh3 Nc4 18. Bg5 $2 (18. Red1 Qb7 19. Rc2
Rfd8 20. Rxd8+ 20... Bxd8 $15) 18... b5 (18... Nxb2 $5 $142 19. Bb1 19... g6
$19) 19. Bb1 g6 (19... h6 20. Rcd1 Qb7 21. Bxh6 gxh6 22. Qxh6 Rfd8 (22... Nxb2
23. Re5 Rc5 24. Rxc5 Qxg2+ 25. Kxg2 Bxc5 26. Rg1 Bd6 27. Kh1+ Bg3 28. Rxg3+ Ng4
29. Rxg4#) 23. Qg5+ Kh8 24. Qh6+ Kg8 25. Qg5+ Kf8 26. Qh6+ 26... Kg8 $11) 20.
Rcd1 Qb7 21. Qh4 Nxb2 22. Bxf6 Bxf6 23. Qxf6 Nxd1 24. Rxd1 Qc6 25. Ne4 Qc1 26.
Rf1 Qh6 27. Qb2 Qg7 28. Qxb5 Rb8 29. Qa4 Qb2 30. h4 (30. Qxa7 $143 30... Qxb1
31. Nf6+ 31... Kg7 $11) 30... Rb3 31. Qxa7 Rxa3 32. Qe7 Raa8 33. h5 Qa3 34. Qf6
Qa1 35. Qh4 35... Qg7 $4 (35... Qb2 $16 $142) 36. Nf6+ $18 36... Kh8 37. h6 (
37. h6 Ra5 38. hxg7+ Kxg7 39. Nxh7 $18) 1-0

[Event "Bad Woerishofen op"]
[Site "?"]
[Date "2001.??.??"]
[Round "1"]
[White "Khurtsidze, Nino"]
[Black "Warnk, Torsten"]
[Result "1-0"]
[WhiteElo "2459"]
[BlackElo "2039"]
[Annotator "ChessOrg"]
[PlyCount "61"]
[EventDate "2000.??.??"]

1. d4 {D37: Damengambit (5.Lf4)} 1... d5 2. Nf3 Nf6 3. c4 e6 4. Nc3 Nbd7 5. Bf4
a6 6. e3 Be7 7. a3 O-O 8. Rc1 c6 9. h3 dxc4 10. Bxc4 10... Nb6 {letzter Buchzug
} 11. Ba2 Bd6 (11... Nbd5 12. Nxd5 exd5 13. O-O $11) 12. Ne5 (12. Bxd6 $5 12...
Qxd6 13. O-O $14) 12... Nbd5 $11 13. O-O (13. Nxd5 exd5 14. O-O 14... Bf5 $11)
13... Nxf4 14. exf4 Nd5 15. Qf3 Qh4 16. Ne4 Bb8 17. g3 Qxh3 18. Ng5 Qh6 19. Kg2
Bxe5 (19... f6 20. Rh1 fxe5 21. Rxh6 21... gxh6 $16) 20. dxe5 $16 20... Qg6 $2
(20... f6 21. Rh1 fxg5 22. Rxh6 22... gxh6 $18) 21. Bb1 $18 21... f5 22. exf6
Qxf6 23. Bxh7+ Kh8 24. Rh1 Qxg5 25. fxg5 Rxf3 26. Kxf3 Bd7 27. Rh4 Rf8+ 28. Ke2
g6 29. Bxg6+ Kg7 30. Bd3 e5 (30... Rf7 $18) 31. Rh7+ (31. Rh7+ Kg8 32. Rxd7 $18
) 1-0

[Event "Bad Woerishofen op"]
[Site "Bad Woerishofen"]
[Date "2001.??.??"]
[Round "3"]
[White "Khurtsidze, Nino"]
[Black "Kistella, Roman"]
[Result "1-0"]
[WhiteElo "2459"]
[BlackElo "2258"]
[Annotator "ChessOrg"]
[PlyCount "83"]
[EventDate "1998.03.05"]
[Source "ChessBase"]
[SourceDate "1998.04.29"]

1. d4 {E62: Koenigsindisch (6...Sc6)} 1... Nf6 2. c4 g6 3. g3 Bg7 4. Bg2 O-O 5.
Nc3 d6 6. Nf3 c6 7. O-O Qa5 8. e4 Bg4 9. h3 Bxf3 10. Bxf3 e5 11. Be3 Nbd7 12.
a3 12... a6 {letzter Buchzug} 13. Qd2 Rfe8 14. Rfd1 exd4 15. Bxd4 (15. Qxd4 $2
15... Nxe4 16. Qd3 Nxc3 (16... Bxc3 $6 17. bxc3 Ndf6 18. Bd4 $17) 17. bxc3
17... Ne5 $19) 15... Re6 16. Bg2 h5 17. f4 Rae8 18. b4 Qc7 19. c5 d5 (19...
dxc5 $5 20. bxc5 20... b5 $14) 20. exd5 $16 20... cxd5 21. Nxd5 Nxd5 22. Bxg7
N5f6 23. Bh6 Nf8 24. Qd4 Qe7 25. g4 hxg4 26. hxg4 Re2 27. Bf3 Re3 28. Rf1 (28.
Bxf8 $5 28... Rxf8 29. Rd3 Rxd3 30. Qxd3 $18) 28... Rd8 29. Qb2 Ne6 30. f5 (30.
Qg2 Rdd3 31. g5 31... Nd5 $11) 30... Nd4 $14 31. Qg2 Nxf3+ 32. Rxf3 Re2 33. Qh3
Qe4 34. fxg6 $4 (34. Rf4 Re3 35. Qg2 $15) 34... Qd4+ $19 35. Kf1 (35. Be3 Qxa1+
36. Rf1 $19) 35... Qxa1+ 36. Kxe2 Qd1+ 37. Kf2 Ne4+ 38. Ke3 (38. Kg2 Qe2+ 39.
Kg1 Rd1+ 40. Qf1 Qxf3 41. gxf7+ Kxf7 42. Kh2 Rxf1 43. c6 Rh1#) 38... Qd3+ (
38... Qd2+ 39. Kxe4 Qd4+ 40. Kf5 Rd5#) 39. Kf4 $18 39... Qd4 (39... Qd2+ 40.
Re3 f5 41. gxf5 41... Re8 $18) 40. gxf7+ Kxf7 41. Qh5+ Ke6 (41... Ke7 42. Qe5+
Qxe5+ 43. Kxe5 Rg8 44. Kxe4 Rxg4+ 45. Bf4 45... Rg7 $18) 42. Qf5+ (42. Qf5+ Ke7
43. Re3 $18) 1-0

[Event "Bad Woerishofen op"]
[Site "Bad Woerishofen"]
[Date "2001.??.??"]
[Round "5"]
[White "Khurtsidze, Nino"]
[Black "Stumpf, Heinz"]
[Result "1/2-1/2"]
[WhiteElo "2459"]
[BlackElo "2245"]
[Annotator "ChessOrg"]
[PlyCount "114"]
[EventDate "1998.03.05"]
[Source "ChessBase"]
[SourceDate "1998.04.29"]

1. d4 {D17: Damengambit (Slawische Verteidigung)} 1... d5 2. Nf3 Nf6 3. c4 c6
4. Nc3 dxc4 5. a4 Bf5 6. Nh4 e6 7. Nxf5 exf5 8. e3 Bb4 9. Bxc4 O-O 10. O-O Nbd7
11. Bb3 {letzter Buchzug} 11... Qe7 12. f3 Rad8 13. Qc2 g6 14. Kh1 (14. e4 Qd6
15. Rd1 fxe4 16. fxe4 16... Nh5 $16) 14... Rfe8 15. Qf2 (15. e4 15... Nf8 $11)
15... Nf8 $15 16. e4 Ne6 (16... fxe4 $2 17. fxe4 Bxc3 18. bxc3 (18. Qxf6 $6
18... Qxf6 19. Rxf6 19... Rxe4 $15) 18... Nxe4 19. Qxf7+ Qxf7 20. Bxf7+ (20.
Rxf7 Nxc3 21. Bh6 Nd5 22. Rg7+ 22... Kh8 $11) 20... Kg7 21. Bxe8 Rxe8 22. c4
$18) 17. d5 (17. e5 $5 $142 17... Nh5 18. Rd1 $15) 17... Nc5 $17 18. Bc2 cxd5 (
18... fxe4 19. Bg5 Bxc3 20. bxc3 $17) 19. Bg5 (19. Qh4 Ncd7 20. Bg5 Bxc3 (20...
fxe4 $2 21. Nxd5 Nxd5 22. Bxe7 Bxe7 23. Qxe4 $18) (20... dxe4 $6 21. fxe4 Bxc3
22. bxc3 $11) 21. bxc3 Rc8 (21... fxe4 $143 22. fxe4 Kg7 23. exd5 $16) (21...
dxe4 $143 22. fxe4 h6 23. Qxh6 $16) 22. exf5 22... Rc4 $15) 19... Bxc3 (19...
Nfxe4 $5 $142 20. Nxe4 Nxe4 21. fxe4 Qxg5 22. exf5 22... Re3 $17) 20. bxc3 $11
20... Ne6 21. Bxf6 (21. Bh4 dxe4 22. fxe4 f4 23. Qxa7 23... g5 $15) 21... Qxf6
22. exf5 Nf4 23. Qd2 Re2 24. Qxf4 Rxc2 25. Qc7 Qg5 26. Rg1 Re8 (26... d4 $5 $15
) 27. fxg6 $14 27... hxg6 28. Qxb7 Ree2 29. f4 (29. Qxa7 $143 29... Rxg2 30.
Qb8+ 30... Kg7 $15) 29... Qxf4 30. Qa8+ Kg7 31. Qxa7 Qe4 (31... Rxc3 32. Rgf1
32... Ra3 $11) 32. Raf1 $16 32... Rxg2 (32... Qe7 $5 33. Qd4+ 33... f6 $16) 33.
Rxf7+ $18 (33. Qxf7+ $6 33... Kh6 34. Qf8+ Kh5 35. Qh8+ Kg5 36. Qf6+ Kh6 37.
Qh8+ Kg5 38. Qd8+ Kh6 39. Qf8+ Kh5 40. Qh8+ 40... Kg5 $11) 33... Kh6 34. Rh7+
Kg5 35. Qe7+ Qxe7 36. Rxg2+ Rxg2 37. Rxe7 Ra2 38. Re5+ Kf4 39. Rxd5 Rxa4 40.
Kg2 Ra2+ 41. Kh3 g5 42. Rd4+ Kf3 43. Rd3+ Kf4 44. Rg3 Rc2 45. Rg4+ Kf5 46. Rc4
Rd2 47. Rd4 Rc2 48. Rd3 Kf4 49. Rg3 Rd2 50. Rg4+ Kf5 51. Rg2 Rd3+ (51... g4+
52. Rxg4 Rxh2+ 53. Kg3 Rg2+ 54. Kxg2 Kxg4 55. c4 $11) 52. Rg3 $14 52... Rd2 (
52... g4+ 53. Kh4 Rd2 54. h3 gxh3 55. Kxh3 $14) 53. Rf3+ $16 53... Ke4 54. Rf8
Rc2 55. Rc8 (55. Kg3 Rxc3+ 56. Kg4 56... Rc2 $14) 55... Kf4 56. Rc4+ Kf3 57.
Rg4 Rxh2+ 1/2-1/2

[Event "Bad Woerishofen op"]
[Site "Bad Woerishofen"]
[Date "2001.??.??"]
[Round "7"]
[White "Khurtsidze, Nino"]
[Black "Oberhofer, Max"]
[Result "1-0"]
[WhiteElo "2459"]
[BlackElo "2219"]
[Annotator "ChessOrg"]
[PlyCount "55"]
[EventDate "1998.03.05"]
[Source "ChessBase"]
[SourceDate "1998.04.29"]

1. d4 {A44: Alt-Benoni} 1... c5 2. d5 e5 3. e4 d6 4. Nc3 Ne7 5. Nf3 5... Bg4 {
letzter Buchzug} 6. Be2 Ng6 7. Nd2 Bxe2 8. Qxe2 a6 9. a4 Nd7 10. a5 Be7 11. O-O
O-O 12. Nc4 Qc7 13. g3 f5 14. exf5 Rxf5 15. Ne4 Raf8 16. h4 16... Bxh4 $2 (
16... Nb8 $14 $142) 17. Ncxd6 $18 17... Rf3 (17... R5f6 $142 18. Nc4 18... Rf5
$18) 18. gxh4 Nxh4 19. Bg5 Ng6 20. Ra3 Rxa3 21. bxa3 h6 22. Qh5 Kh7 (22... Nf4
23. Bxf4 Rxf4 24. Qe8+ Rf8 25. Qg6 $18) 23. Rb1 (23. Bxh6 $142 23... Nf4 (23...
gxh6 $4 24. Ng5+ Kg7 25. Ne6+ Kh7 26. Nf5 Rxf5 27. Qxf5 $18 (27. Nxc7 Rxh5 28.
Rb1 Rg5+ 29. Kf1 29... e4 $17)) 24. Bxf4+ 24... Kg8 $18) 23... Qxa5 (23... Nf4
24. Bxf4 Rxf4 25. Rxb7 25... Qd8 $18) 24. Rxb7 Qe1+ 25. Kg2 Nf4+ 26. Bxf4 exf4
27. Rxd7 f3+ 28. Kh2 (28. Kh2 Qc1 29. Rf7 Rxf7 30. Qxf7 $18) 1-0

[Event "Bad Woerishofen op"]
[Site "Bad Woerishofen"]
[Date "2001.??.??"]
[Round "9"]
[White "Khurtsidze, Nino"]
[Black "Graf, Alexander"]
[Result "0-1"]
[WhiteElo "2459"]
[BlackElo "2649"]
[Annotator "ChessOrg"]
[PlyCount "98"]
[EventDate "1998.03.05"]
[Source "ChessBase"]
[SourceDate "1998.04.29"]

1. d4 {A41: Moderne Verteidigung} 1... g6 2. c4 Bg7 3. Nf3 d6 4. g3 c5 5. Bg2
Nc6 6. dxc5 Qa5+ 7. Bd2 {letzter Buchzug} 7... Qxc5 8. Bc3 Nf6 9. Nfd2 O-O 10.
O-O Be6 11. Na3 Qh5 12. Nc2 Ng4 13. h3 Nge5 14. g4 Qh4 15. Nd4 Nxd4 16. Bxd4 f5
(16... Nxc4 $2 17. Nxc4 Bxc4 18. Bxg7 Bxe2 19. Qxe2 Kxg7 20. Rac1 $18) 17. Nf3
Qh6 (17... Nxf3+ 18. exf3 Bxc4 19. Bxg7 Bxf1 20. Bxf8 Bxg2 21. Qd5+ Kxf8 22.
Kxg2 $15) 18. Nxe5 $15 18... dxe5 19. gxf5 gxf5 20. Bc5 e4 21. f3 (21. Bxe7 Rf7
22. Ba3 22... Bxc4 $15) 21... Bxb2 22. Rb1 Be5 23. fxe4 (23. Rxb7 $143 23...
Qf4 (23... Bxc4 $6 24. Qc2 (24. fxe4 $2 24... Qc6 $19) (24. Bxe7 $2 24... Qe3+
25. Rf2 25... Bg3 $19) (24. Bxa7 $2 24... Rxa7 25. Rxa7 Qe3+ 26. Rf2 26... Qxa7
$19) 24... Qa6 25. Rxe7 $15) 24. Re1 Rfc8 25. Rxe7 25... Bxc4 $17) (23. Bxe7
Qf4 24. Rf2 e3 25. Bxf8 25... Rxf8 $19) 23... b6 24. exf5 bxc5 (24... Bf7 $5
25. Bd4 25... Rad8 $15) 25. fxe6 $11 (25. Bxa8 $2 25... Qe3+ 26. Rf2 26... Bg3
$19) 25... Rxf1+ 26. Qxf1 Rf8 27. Bf3 (27. Qc1 $5 27... Qh4 28. Kh1 $14) 27...
Kh8 (27... Qxe6 $2 28. Bd5 Rxf1+ 29. Kxf1 Qxd5 30. cxd5 $18) 28. Kh1 Qf4 29.
Qf2 Qxc4 30. Qe3 Qxe6 31. Bg2 Qd6 32. Rf1 (32. Qg1 32... Bg7 $17) 32... Rxf1+
33. Bxf1 c4 34. Qe4 c3 35. e3 Qe6 36. Bd3 (36. a4 $5 $17 $142) 36... Qxh3+ $19
37. Kg1 Bh2+ 38. Kf2 Bg3+ 39. Ke2 Qh5+ 40. Kf1 Qf7+ 41. Kg2 (41. Qf5 Qxf5+ 42.
Bxf5 42... h5 $19) 41... Qf2+ 42. Kh3 Qh2+ 43. Kg4 Qh4+ (43... Be5 $5 $19 $142)
44. Kf3 $17 44... Qxe4+ 45. Bxe4 Be5 46. Kg4 Kg7 47. Bc2 h6 (47... e6 48. a4
$19) 48. Kf5 Bf6 49. e4 e5 (49... e5 50. a4 50... h5 $19) 0-1

[Event "Bad Woerishofen op"]
[Site "?"]
[Date "2001.??.??"]
[Round "1"]
[White "Kistella, Irena"]
[Black "Schmidt, Ruediger"]
[Result "0-1"]
[WhiteElo "1670"]
[BlackElo "2151"]
[Annotator "ChessOrg"]
[PlyCount "40"]
[EventDate "2000.??.??"]

1. d4 {D02: Damenbauernspiele} 1... d5 2. Nf3 c6 3. Bf4 Qb6 4. Qc1 4... Bf5 {
letzter Buchzug} 5. e3 e6 6. Be2 Nd7 7. O-O h6 8. c4 g5 9. c5 Qd8 10. Bg3 h5
11. h3 (11. Nc3 11... Bg7 $11) 11... h4 (11... g4 12. hxg4 hxg4 13. Ne5 $17)
12. Bh2 (12. Be5 f6 13. Bd6 Bxd6 14. cxd6 $17) 12... g4 $17 13. hxg4 Bxg4 14.
Qd1 h3 15. Re1 hxg2 16. Kxg2 Bh3+ 17. Kg1 Ngf6 18. Ne5 $2 (18. Nbd2 $17 $142)
18... Ne4 19. f4 (19. Nxd7 Rg8+ 20. Bg3 Nxg3 21. Bg4 Bxg4 22. f3 $19) 19...
Nxe5 (19... Qh4 20. Rf1 Nxe5 21. Bf3 Rg8+ 22. Kh1 Ng3+ 23. Kg1 Nxf1+ 24. Bg4
Rxg4+ 25. Kh1 Qf2 26. Qxf1 Qxf1+ 27. Bg1 Qxg1#) 20. dxe5 Rg8+ (20... Rg8+ 21.
Bg4 Qh4 22. Qe2 Bxg4 23. Qg2 Qxe1+ 24. Qf1 Bf3+ 25. Bg3 Qxg3+ 26. Qg2 Qxg2#) (
20... Qh4 21. Rf1 Bxf1 22. Bh5 Qf2+ 23. Kh1 Bg2#) 0-1

[Event "Bad Woerishofen op"]
[Site "Bad Woerishofen"]
[Date "2001.??.??"]
[Round "3"]
[White "Kistella, Irena"]
[Black "Martino-Gross, Peter"]
[Result "0-1"]
[WhiteElo "1670"]
[BlackElo "1936"]
[Annotator "ChessOrg"]
[PlyCount "50"]
[EventDate "1998.03.05"]
[Source "ChessBase"]
[SourceDate "1998.04.29"]

1. d4 {A48: Koenigsindisch (ohne c2-c4)} 1... Nf6 2. Nf3 g6 3. Bg5 Bg7 4. e3
O-O 5. Be2 d5 6. O-O b6 7. c4 dxc4 8. Bxc4 Bb7 9. Nbd2 Nbd7 10. Rc1 {
letzter Buchzug} 10... c5 11. a3 cxd4 12. Nxd4 Ne5 13. Be2 Rc8 14. N2f3 Qd5 15.
Rxc8 Rxc8 16. Bf4 (16. Qa4 Nc6 17. Rc1 Ne4 18. Nxc6 18... Bxc6 $11 (18... Rxc6
$2 19. Rd1 Qe6 20. Rd8+ Bf8 21. Nd4 (21. Qxa7 Rc1+ 22. Rd1 Rxd1+ 23. Bxd1 23...
Qd5 $19) 21... Rc1+ 22. Bf1 $18)) 16... Nc4 17. Qb3 Ne4 (17... Nd2 18. Qxd5
Nxd5 (18... Bxd5 $2 19. Nxd2 Bb7 20. Be5 $18) 19. Nxd2 19... Bxd4 $17) 18. Bxc4
$2 (18. Rd1 $5 $11 $142) 18... Rxc4 $17 (18... Qxc4 $6 19. Qxc4 Rxc4 20. Rd1
$11) 19. Qd1 (19. Qb5 $5 19... Qxb5 20. Nxb5 Bxb2 21. Rb1 $19) 19... e5 $19 20.
Nxe5 Bxe5 21. Bxe5 Qxe5 22. Nf3 $6 (22. f3 Nf6 23. Qd3 23... Ba6 $19) 22... Qd5
(22... Qxb2 $5 $142 23. Qd8+ Kg7 24. Nd4 Qxa3 25. Nb5 $19) 23. Qe2 (23. Qxd5
Bxd5 24. Nd4 $19) 23... Ng5 24. Rd1 (24. Ne1 Bc6 25. f4 Nh3+ 26. Kh1 26... Rc1
$19) 24... Nxf3+ 25. gxf3 (25. Qxf3 Qxf3 26. Rd8+ Kg7 27. gxf3 27... Bxf3 $19)
25... Qg5+ (25... Qg5+ 26. Kf1 26... Ra4 $19) 0-1